<?xml version="1.0" encoding="UTF-8"?>
<record
    xmlns:xsi="http://www.w3.org/2001/XMLSchema-instance"
    xsi:schemaLocation="http://www.loc.gov/MARC21/slim http://www.loc.gov/standards/marcxml/schema/MARC21slim.xsd"
    xmlns="http://www.loc.gov/MARC21/slim">

  <leader>02503agaaa2200349   4500</leader>
  <controlfield tag="001">8465</controlfield>
  <controlfield tag="003">IT-RoPAU</controlfield>
  <controlfield tag="005">20220918181233.0</controlfield>
  <controlfield tag="007">d cvaizq</controlfield>
  <controlfield tag="008">50131s9999||||xx ||| |     ||   ||und||</controlfield>
  <datafield tag="040" ind1=" " ind2=" ">
    <subfield code="a">IT-RoPAU</subfield>
    <subfield code="c">IT-RoPAU</subfield>
  </datafield>
  <datafield tag="041" ind1=" " ind2=" ">
    <subfield code="a">ITALIANO</subfield>
  </datafield>
  <datafield tag="100" ind1=" " ind2=" ">
    <subfield code="a">Bresson Robert</subfield>
    <subfield code="g">Codice regista SPICS: 8815</subfield>
    <subfield code="9">41601</subfield>
  </datafield>
  <datafield tag="130" ind1=" " ind2=" ">
    <subfield code="a">DIARIO DI UN CURATO DI CAMPAGNA (IL)</subfield>
    <subfield code="9">41602</subfield>
  </datafield>
  <datafield tag="240" ind1=" " ind2=" ">
    <subfield code="a">JOURNAL D'UN CURE' DE CAMPAGNE</subfield>
    <subfield code="g">T2220</subfield>
  </datafield>
  <datafield tag="245" ind1=" " ind2=" ">
    <subfield code="a">DIARIO DI UN CURATO DI CAMPAGNA (IL)</subfield>
    <subfield code="c">Sceneggiatura: Bresson Robert -- Diretto da: Bresson Robert</subfield>
    <subfield code="p">DIARIO DI UN CURATO DI CAMPAGNA (IL) (Rif. Codice opera principale : H8465)</subfield>
  </datafield>
  <datafield tag="246" ind1=" " ind2=" ">
    <subfield code="a">JOURNAL D'UN CURE' DE CAMPAGNE</subfield>
  </datafield>
  <datafield tag="250" ind1=" " ind2=" ">
    <subfield code="a">Edizione Standard</subfield>
  </datafield>
  <datafield tag="260" ind1=" " ind2=" ">
    <subfield code="a">PARIS (FRANCIA)</subfield>
    <subfield code="b">UNION GENERALE D'EDITIONS / Distribuzione: MULTIMEDIA SAN PAOLO</subfield>
    <subfield code="g">"1950 (1&#xB0; ed.: 2008 ; Ed. Lingua Orig.: 1950)"</subfield>
  </datafield>
  <datafield tag="300" ind1=" " ind2=" ">
    <subfield code="a">DVD</subfield>
    <subfield code="b">sonoro, b&amp;w</subfield>
    <subfield code="c">117 minuti</subfield>
  </datafield>
  <datafield tag="508" ind1=" " ind2=" ">
    <subfield code="a">"Fotografia: Burel Leonce-Henry; Montaggio: Robert Paulette; Musica: Grunenwald Jean-Jacques; Sceneggiatura: Bresson Robert; Scenografia: Charbonnier Pierre; Soggetto: Bernanos Georges -- Bresson Robert"</subfield>
  </datafield>
  <datafield tag="511" ind1=" " ind2=" ">
    <subfield code="a">"Laydu Claude; Arvel Leon; Guibert Andre'; Ladmiral Nicole; Maurey Nicole; Riveyre Jea"</subfield>
  </datafield>
  <datafield tag="520" ind1=" " ind2=" ">
    <subfield code="a">"UN GIOVANE SACERDOTE, APPENA USCITO DAL SEMINARIO, VIENE CHIAMATO AD ESERCITARE IL SUO MINISTERO COME PARROCO DI AMBRICOURT, MODESTO VILLAGGIO FRANCESE. EGLI E' DECISO AD ISPIRARE LA SUA AZIONE NON SEMPLICEMENTE ALLA LETTERA, MA ALLO SPIRITO DEL VANGELO; MA QUESTO SUO ATTEGGIAMENTO LO METTE IN CONTRASTO COI PARROCCHIANI. DALLE CIRCOSTANZE E DAL SENTIMENTO DEL DOVERE, RAFFORZATO DALLA PROFONDA FEDE, IL GIOVANE SACERDOTE E' INDOTTO AD OCCUPARSI DELLA SITUAZIONE ESISTENTE NELLA FAMIGLIA DI UN CONTE. MA L'INCOMPRENSIONE E LA CATTIVERIA DI ALCUNI RAFFORZANO LA GENERALE OSTILITA' CONTRO DI LUI. SOLO, MALATO DI CANCRO, VA A MORIRE NELLA CASA DI UN COMPAGNO SEMINARISTA CHE SI ERA SPRETATO. CONTENUTI EXTRA: SCHEDA CRITICA DI PINO FARINOTTI; SCHEDA CRITICA DI CLAUDIO G. FAVA."</subfield>
  </datafield>
  <datafield tag="538" ind1=" " ind2=" ">
    <subfield code="a">PAL, STEREO</subfield>
  </datafield>
  <datafield tag="546" ind1=" " ind2=" ">
    <subfield code="a">ITALIANO</subfield>
  </datafield>
  <datafield tag="650" ind1=" " ind2=" ">
    <subfield code="a">DRAMMATICO</subfield>
    <subfield code="e">DVD-FILM [DVD]</subfield>
    <subfield code="x">Codice MATERIA SPICS: 9947</subfield>
    <subfield code="9">41603</subfield>
  </datafield>
  <datafield tag="700" ind1=" " ind2=" ">
    <subfield code="a">Bernanos Georges </subfield>
    <subfield code="e">(soggetto)</subfield>
    <subfield code="g">Codice Soggetto SPICS: 9287</subfield>
    <subfield code="9">41604</subfield>
  </datafield>
  <datafield tag="700" ind1=" " ind2=" ">
    <subfield code="a">Bresson Robert </subfield>
    <subfield code="e">(regista)</subfield>
    <subfield code="g">Codice regista SPICS: 8815</subfield>
    <subfield code="9">41605</subfield>
  </datafield>
  <datafield tag="700" ind1=" " ind2=" ">
    <subfield code="a">Bresson Robert </subfield>
    <subfield code="e">(soggetto)</subfield>
    <subfield code="g">Codice Soggetto 2&#xB0; SPICS: 8815</subfield>
    <subfield code="9">41606</subfield>
  </datafield>
  <datafield tag="700" ind1=" " ind2=" ">
    <subfield code="a">Grunenwald Jean-Jacques</subfield>
    <subfield code="e">(musica)</subfield>
    <subfield code="g">Codice Musica SPICS: 32615</subfield>
    <subfield code="9">41607</subfield>
  </datafield>
  <datafield tag="942" ind1=" " ind2=" ">
    <subfield code="c">DV</subfield>
    <subfield code="2">ddc</subfield>
  </datafield>
  <datafield tag="999" ind1=" " ind2=" ">
    <subfield code="c">105472</subfield>
    <subfield code="d">105472</subfield>
  </datafield>
  <datafield tag="952" ind1=" " ind2=" ">
    <subfield code="0">0</subfield>
    <subfield code="1">0</subfield>
    <subfield code="4">0</subfield>
    <subfield code="6">H_8465_000000000000000</subfield>
    <subfield code="7">1</subfield>
    <subfield code="a">SPICS</subfield>
    <subfield code="b">SPICS</subfield>
    <subfield code="d">2015-01-31</subfield>
    <subfield code="l">0</subfield>
    <subfield code="o">H8465</subfield>
    <subfield code="r">2015-01-31 00:00:00</subfield>
    <subfield code="w">2015-01-31</subfield>
    <subfield code="y">DV</subfield>
    <subfield code="z">Progr. Ins.: 3733 / N.Vol.:1 / Copie: 1 / Pag.:0 / Copia rara: n.d. / date import: 1.2.2015 / By Epidotti, Trombetti, Vaglietti</subfield>
  </datafield>
</record>
